[Event "58th ch-RUS Semi-Final"]
[Site "Kazan RUS"]
[Date "2005.09.08"]
[Round "6"]
[White "Yandemirov,V"]
[Black "Vorobiov,E"]
[Result "1/2-1/2"]
[WhiteElo "2515"]
[BlackElo "2552"]
[EventDate "2005.09.03"]

1. e4 c5 2. Nf3 d6 3. d4 cxd4 4. Nxd4 Nf6 5. f3 Nc6 6. c4 Qb6 7. Nc2 e6 8.
Nc3 Be7 9. Rb1 O-O 10. Be3 Qa5 11. Bd3 d5 1/2-1/2

[Event "58th ch-RUS Semi-Final"]
[Site "Kazan RUS"]
[Date "2005.09.08"]
[Round "6"]
[White "Bragin,Alex"]
[Black "Bezgodov,A"]
[Result "1/2-1/2"]
[WhiteElo "2396"]
[BlackElo "2548"]
[EventDate "2005.09.03"]

1. e4 g6 2. d4 Bg7 3. Nc3 d5 4. exd5 Nf6 5. Bb5+ Nbd7 6. Nf3 O-O 7. O-O Nb6
8. h3 Nfxd5 9. Ne4 Bf5 10. Re1 Bxe4 11. Rxe4 Rc8 12. c3 c5 13. dxc5 Rxc5
14. a4 Qc8 15. Bd2 Nc4 16. Bxc4 Rxc4 17. Qe2 Rxe4 18. Qxe4 e6 19. Rc1 Re8
20. c4 f5 21. Qc2 Nf6 22. Be3 Qc7 23. Qb3 a6 24. Bd4 Ne4 25. Bxg7 Kxg7 26.
Qe3 Qc5 27. Qe1 Rd8 28. b4 Qd6 29. c5 Qd5 30. Qe3 h6 31. Qf4 g5 32. Qe5+
Qxe5 33. Nxe5 Kf6 34. Nc4 Rd4 35. f3 Nd2 1/2-1/2

[Event "58th ch-RUS Semi-Final"]
[Site "Kazan RUS"]
[Date "2005.09.08"]
[Round "6"]
[White "Kosyrev,V"]
[Black "Obolenskikh,D"]
[Result "1/2-1/2"]
[WhiteElo "2540"]
[BlackElo "2437"]
[EventDate "2005.09.03"]

1. d4 Nf6 2. c4 e6 3. Nf3 d5 4. Nc3 Be7 5. Bg5 O-O 6. e3 h6 7. Bh4 Ne4 8.
Bxe7 Qxe7 9. Rc1 Nxc3 10. Rxc3 c6 11. Bd3 Nd7 12. cxd5 exd5 13. O-O Nf6 14.
Qc2 Re8 15. a3 Qd6 16. b4 a6 17. Ne5 Ng4 18. Nxg4 Bxg4 19. Rb1 Bh5 20. a4
Bg6 21. Bxg6 fxg6 22. b5 axb5 23. axb5 Re6 24. Rc1 Rc8 25. h3 Rf6 26. Qa2
Kh7 27. Qa7 Rcf8 28. R3c2 R8f7 29. Qc5 Qxc5 30. dxc5 1/2-1/2

[Event "58th ch-RUS Semi-Final"]
[Site "Kazan RUS"]
[Date "2005.09.08"]
[Round "6"]
[White "Savchenko,B"]
[Black "Pokazanjev,N"]
[Result "1-0"]
[WhiteElo "2534"]
[BlackElo "2410"]
[EventDate "2005.09.03"]

1. Nf3 Nf6 2. c4 c6 3. b3 d5 4. Bb2 Bf5 5. g3 Nbd7 6. Bg2 e6 7. O-O Be7 8.
d3 O-O 9. Nbd2 Bg6 10. Rc1 Ne8 11. Rc2 Bf6 12. Qb1 Nd6 13. Rfc1 Re8 14.
Bxf6 Qxf6 15. b4 a5 16. b5 c5 17. Nh4 Bh5 18. Re1 g5 19. Nhf3 b6 20. h4 h6
21. Nh2 gxh4 22. g4 h3 23. Bxh3 Bg6 24. Bg2 Rad8 25. cxd5 exd5 26. Bxd5 Qe5
27. Bc4 Nxc4 28. Nxc4 Qd4 29. Qa1 Nf6 30. Qxd4 Rxd4 31. Rec1 Nxg4 32. Nxb6
Nxh2 33. Kxh2 Kh7 34. f3 Bf5 35. Kg3 Rb8 36. Nc4 Rxb5 37. a4 Rb4 38. Nxa5
Bxd3 39. exd3 Rxd3 40. Nc4 Rbb3 41. Ne5 Re3 42. Rxc5 Kg7 43. Rd5 h5 44. Rc7
Kf6 45. Rc6+ 1-0

[Event "58th ch-RUS Semi-Final"]
[Site "Kazan RUS"]
[Date "2005.09.08"]
[Round "6"]
[White "Yevseev,D"]
[Black "Loginov,Va"]
[Result "1-0"]
[WhiteElo "2537"]
[BlackElo "2527"]
[EventDate "2005.09.03"]

1. d4 Nf6 2. c4 g6 3. Nc3 Bg7 4. e4 d6 5. Be2 O-O 6. Nf3 e5 7. Be3 Na6 8.
O-O h6 9. Ne1 exd4 10. Bxd4 c6 11. Nc2 Re8 12. f3 Nc7 13. Qd2 d5 14. cxd5
cxd5 15. e5 Nh7 16. f4 f6 17. exf6 Nxf6 18. Be5 Bf5 19. Nd4 Ne4 20. Nxe4
Bxe4 21. Bxg7 Kxg7 22. f5 Qd6 23. Rac1 Kh7 24. fxg6+ Bxg6 25. Bd3 Re7 26.
Nf5 Qb6+ 27. Kh1 Bxf5 28. Rxf5 Kg8 29. Rcf1 Qe3 30. Qb4 Rae8 31. R5f3 Qe5
32. Qh4 Re6 33. Rg3+ Kh8 34. Bg6 1-0

[Event "58th ch-RUS Semi-Final"]
[Site "Kazan RUS"]
[Date "2005.09.08"]
[Round "6"]
[White "Iljushin,A"]
[Black "Iljin,A"]
[Result "1/2-1/2"]
[WhiteElo "2531"]
[BlackElo "2500"]
[EventDate "2005.09.03"]

1. d4 Nf6 2. c4 e6 3. g3 d5 4. Bg2 Bb4+ 5. Bd2 Be7 6. Nf3 O-O 7. O-O c6 8.
Qc2 b6 9. Bf4 Ba6 10. Nbd2 Nbd7 11. Rac1 Nh5 12. Be3 Nhf6 13. Bf4 Nh5 14.
Be3 Nhf6 1/2-1/2

[Event "58th ch-RUS Semi-Final"]
[Site "Kazan RUS"]
[Date "2005.09.09"]
[Round "7"]
[White "Kobalia,M"]
[Black "Timofeev,Arty"]
[Result "1/2-1/2"]
[WhiteElo "2614"]
[BlackElo "2661"]
[EventDate "2005.09.03"]

1. d4 Nf6 2. c4 g6 3. Nc3 d5 4. cxd5 Nxd5 5. e4 Nxc3 6. bxc3 Bg7 7. Bc4 c5
8. Ne2 O-O 9. O-O Nc6 10. Be3 Bg4 11. f3 Na5 12. Bd5 Bd7 13. Rb1 Qc7 14.
Bf4 Qc8 15. e5 Bc6 16. Be4 Rd8 17. Qe1 Qe6 18. Bg3 Qc4 19. Kh1 b6 20. Bh4
Rd7 21. Rb2 Rc8 22. Bf2 Bxe4 23. fxe4 cxd4 24. cxd4 Qd3 25. Nf4 Qc3 26. Qb1
e6 27. Ne2 Qa3 28. Be1 Qa4 29. Bb4 Nc4 30. Rb3 a5 31. Be1 Na3 32. Qd3 Nc2
33. Bc3 Nb4 34. Bxb4 axb4 35. Qb1 Rc4 36. h3 b5 37. Rd1 Ra7 38. Rb2 Rac7
39. Re1 Bf8 40. Rb3 Rc2 41. d5 Qxa2 42. Qxa2 Rxa2 43. Nd4 Rc4 44. Rd1 Bc5
45. Nc6 Ra6 46. Nb8 Ra3 47. Rbb1 Be7 48. Nc6 Kf8 49. Nd4 Re3 50. d6 Bd8 51.
Ra1 Rxe4 52. Nxb5 Rc8 53. d7 Rb8 54. Nd4 Rb6 55. Rac1 Rxe5 56. Nc6 Rxc6 57.
Rxc6 Ke7 58. Rc4 Rb5 59. Rdd4 h5 60. Rxb4 Rxb4 61. Rxb4 Kxd7 1/2-1/2

[Event "58th ch-RUS Semi-Final"]
[Site "Kazan RUS"]
[Date "2005.09.09"]
[Round "7"]
[White "Zvjaginsev,V"]
[Black "Najer,E"]
[Result "1/2-1/2"]
[WhiteElo "2659"]
[BlackElo "2614"]
[EventDate "2005.09.03"]

1. e4 c5 2. Ne2 Nc6 3. d4 cxd4 4. Nxd4 Nf6 5. Nc3 e5 6. Ndb5 d6 7. Bg5 a6
8. Na3 b5 9. Nd5 Be7 10. Bxf6 Bxf6 11. c4 b4 12. Nc2 Rb8 13. g3 O-O 14. b3
Be6 15. Nxf6+ Qxf6 16. Bg2 Qe7 17. O-O a5 18. f4 1/2-1/2

[Event "58th ch-RUS Semi-Final"]
[Site "Kazan RUS"]
[Date "2005.09.09"]
[Round "7"]
[White "Rublevsky,S"]
[Black "Vitiugov,N"]
[Result "1-0"]
[WhiteElo "2645"]
[BlackElo "2519"]
[EventDate "2005.09.03"]

1. e4 c5 2. Nf3 e6 3. c3 d5 4. exd5 Qxd5 5. d4 Nf6 6. Be2 Nc6 7. O-O cxd4
8. cxd4 Be7 9. Nc3 Qd6 10. Nb5 Qd8 11. Bf4 Nd5 12. Bg3 a6 13. Nc3 O-O 14.
Rc1 Nf6 15. a3 b6 16. Bc4 Bb7 17. Ba2 Rc8 18. Qd3 b5 19. Rfd1 Na5 20. Ne5
Nd5 21. b4 Nxc3 22. Rxc3 Nc6 23. Nxf7 Kxf7 24. d5 Na7 25. Qxh7 Bxd5 26.
Qh5+ g6 27. Qh7+ Ke8 28. Qxg6+ Rf7 29. Rf3 Bxf3 30. Rxd8+ Kxd8 31. gxf3 Rf6
32. Qe4 1-0

[Event "58th ch-RUS Semi-Final"]
[Site "Kazan RUS"]
[Date "2005.09.09"]
[Round "7"]
[White "Chuprov,D"]
[Black "Jakovenko,D"]
[Result "0-1"]
[WhiteElo "2477"]
[BlackElo "2627"]
[EventDate "2005.09.03"]

1. e4 c5 2. Nf3 Nc6 3. Bb5 d6 4. d4 cxd4 5. Qxd4 Bd7 6. Bxc6 Bxc6 7. Nc3
Nf6 8. Bg5 e6 9. O-O-O Be7 10. Rhe1 O-O 11. Qd2 Qa5 12. Kb1 Kh8 13. Nd4
Rfd8 14. f4 Rac8 15. Nb3 Qc7 16. Qf2 b5 17. Rd3 b4 18. Rh3 bxc3 19. Qh4
cxb2 20. Nd4 Kg8 21. Ree3 Kf8 22. e5 dxe5 23. fxe5 Be4 24. exf6 Rxd4 25.
fxe7+ Ke8 26. Rc3 Rd1+ 27. Kxb2 Qb6+ 0-1

[Event "58th ch-RUS Semi-Final"]
[Site "Kazan RUS"]
[Date "2005.09.09"]
[Round "7"]
[White "Bocharov,D"]
[Black "Tkachiev,V"]
[Result "1-0"]
[WhiteElo "2574"]
[BlackElo "2625"]
[EventDate "2005.09.03"]

1. d4 d6 2. Nf3 g6 3. g3 Bg7 4. Bg2 Nd7 5. O-O e5 6. c4 Ne7 7. Nc3 O-O 8.
e4 exd4 9. Nxd4 Nc6 10. Nde2 a5 11. f4 Re8 12. h3 Nc5 13. Be3 a4 14. Rc1
Be6 15. b3 Nb4 16. Rb1 axb3 17. axb3 c6 18. Bd4 Bxd4+ 19. Nxd4 Bc8 20. Qd2
Qb6 21. Kh2 Ncd3 22. Nde2 Qd8 23. Na4 f5 24. exf5 Bxf5 25. g4 Bxg4 26. hxg4
Qh4+ 27. Kg1 Qxg4 28. Rf3 Re7 29. Nac3 Rae8 30. Rbf1 Qf5 31. Nd4 Qc5 32.
Rxd3 Nxd3 33. Qxd3 Re3 34. Qd2 Rg3 35. Kh2 Rge3 36. Bf3 Qb4 37. Rc1 d5 38.
cxd5 Qd6 39. Nce2 c5 40. Nb5 Qf6 41. Rc3 1-0

[Event "58th ch-RUS Semi-Final"]
[Site "Kazan RUS"]
[Date "2005.09.09"]
[Round "7"]
[White "Sakaev,K"]
[Black "Alekseev,Evgeny"]
[Result "0-1"]
[WhiteElo "2669"]
[BlackElo "2625"]
[EventDate "2005.09.03"]

1. d4 Nf6 2. c4 e6 3. Nf3 b6 4. g3 Ba6 5. Nbd2 c5 6. e4 cxd4 7. e5 Ng4 8.
h3 Nh6 9. Bg2 Nc6 10. O-O Nf5 11. a3 Be7 12. b4 Bb7 13. g4 Nh4 14. Nxh4
Bxh4 15. Ne4 Be7 16. Bf4 O-O 17. g5 Kh8 18. Re1 Rc8 19. h4 Rg8 20. Bg3 Qf8
21. Qh5 a5 22. Nd6 Bxd6 23. exd6 Nd8 24. Bf1 Qe8 25. Bd3 f5 26. Qd1 Rf8 27.
bxa5 f4 28. Bh2 bxa5 29. Rb1 Bc6 30. g6 Rf6 31. Qg4 Qf8 32. Re5 hxg6 33.
Bxf4 Nf7 34. Rxa5 Nh6 35. Bxh6 gxh6 36. Qxd4 Kg8 37. Be2 Rf4 38. Qe3 Qf6
39. Qg3 Rxh4 40. f3 Qd4+ 0-1

[Event "58th ch-RUS Semi-Final"]
[Site "Kazan RUS"]
[Date "2005.09.09"]
[Round "7"]
[White "Yakovich,Yur"]
[Black "Shariyazdanov,A"]
[Result "1/2-1/2"]
[WhiteElo "2560"]
[BlackElo "2592"]
[EventDate "2005.09.03"]

1. e4 c5 2. Nf3 Nc6 3. Nc3 Nf6 4. Bb5 g6 5. e5 Ng4 6. Qe2 Bg7 7. Bxc6 dxc6
8. h3 Nh6 9. g4 O-O 10. d3 f6 11. Bf4 Nxg4 12. hxg4 fxe5 13. Ng5 Rxf4 14.
f3 h6 15. Nh3 Rb4 16. O-O-O Qa5 17. Nf2 Be6 18. Nfe4 Bd5 19. Qe3 Bxe4 20.
fxe4 g5 21. a3 Rd4 22. Ne2 Rd6 23. Ng3 Re8 24. Nf5 Qc7 25. Rdf1 Rg6 26.
Qxc5 b6 27. Qc4+ e6 28. Ng3 b5 29. Qc5 Qb6 30. Qxb6 axb6 31. Nh5 Rf8 32.
Kd2 Rf7 33. Rxf7 Kxf7 34. a4 bxa4 35. Ra1 b5 36. b3 axb3 37. Ra7+ Ke8 38.
cxb3 Bf8 39. Rc7 c5 40. Kc3 Be7 41. Rb7 b4+ 42. Kc4 Kf7 43. Rb8 Rg8 44.
Rxg8 Kxg8 1/2-1/2

[Event "58th ch-RUS Semi-Final"]
[Site "Kazan RUS"]
[Date "2005.09.09"]
[Round "7"]
[White "Grigoriants,S RUS"]
[Black "Tomashevsky,E"]
[Result "1/2-1/2"]
[WhiteElo "2562"]
[BlackElo "2555"]
[EventDate "2005.09.03"]

1. d4 Nf6 2. c4 e6 3. Nc3 Bb4 4. e3 O-O 5. Bd3 d5 6. Nf3 c5 7. O-O Nc6 8.
a3 Bxc3 9. bxc3 Qc7 10. cxd5 exd5 11. a4 Re8 12. Ba3 c4 13. Bc2 Ne4 14.
Bxe4 Rxe4 15. Nd2 Re8 16. Qc2 Be6 17. f3 f6 18. e4 Qd7 19. Rfe1 Na5 20. Bb2
Bf7 21. Re3 1/2-1/2

[Event "58th ch-RUS Semi-Final"]
[Site "Kazan RUS"]
[Date "2005.09.09"]
[Round "7"]
[White "Shaposhnikov,E"]
[Black "Smirnov,P"]
[Result "1/2-1/2"]
[WhiteElo "2533"]
[BlackElo "2635"]
[EventDate "2005.09.03"]

1. e4 c5 2. Nf3 Nc6 3. Bb5 g6 4. Bxc6 dxc6 5. d3 Bg7 6. h3 Nf6 7. Nc3 O-O
8. Bf4 Ne8 9. Qd2 f6 10. e5 g5 11. Be3 b6 12. O-O-O Nc7 13. h4 g4 14. exf6
exf6 15. Ng1 Nd5 16. Nxd5 Qxd5 17. c4 Qxg2 18. Ne2 Qf3 19. Nf4 Bh6 20. Rhg1
Bxf4 21. Bxf4 Re8 22. Rg3 Qe2 23. Qc3 Kf7 24. Be3 Bf5 25. Re1 Qxd3 26. Qxd3
Bxd3 27. Rxg4 h5 28. Rf4 b5 29. cxb5 cxb5 30. Rg1 Re5 31. Rg5 Rxg5 32. hxg5
f5 33. Bxc5 Rc8 34. b4 a5 35. a3 axb4 36. axb4 Kg6 37. Kd2 Be4 38. f3 Kxg5
39. Be3 Rd8+ 40. Ke1 Bd5 41. Rg4+ Kf6 1/2-1/2

[Event "58th ch-RUS Semi-Final"]
[Site "Kazan RUS"]
[Date "2005.09.09"]
[Round "7"]
[White "Korotylev,A"]
[Black "Magomedov,Ma"]
[Result "1-0"]
[WhiteElo "2604"]
[BlackElo "2565"]
[EventDate "2005.09.03"]

1. d4 d5 2. c4 e6 3. Nc3 Nf6 4. Nf3 Nbd7 5. cxd5 exd5 6. Bf4 c6 7. e3 Be7
8. h3 O-O 9. Bd3 Re8 10. O-O Nf8 11. Qc2 Nh5 12. Bh2 g6 13. Rab1 a5 14.
Rfe1 Ng7 15. e4 dxe4 16. Bxe4 Bd6 17. Be5 Be6 18. Rbd1 Bb4 19. d5 cxd5 20.
Bxd5 Qc8 21. Qb3 Nd7 22. Bxg7 Kxg7 23. Bxe6 Rxe6 24. Rxe6 Nc5 25. Rxg6+
hxg6 26. Qd5 Bxc3 27. bxc3 Ne6 28. Ne5 Qc7 29. Qb5 Rd8 30. Rxd8 Nxd8 31.
Nc4 Nc6 32. Ne3 Qe7 33. a4 Qa3 34. Qc4 Qc1+ 35. Kh2 Qd2 36. Kg3 Qd6+ 37. f4
Qd2 38. Nd5 Ne7 39. Nxe7 Qe1+ 40. Kf3 Qxe7 41. Qd5 Qa3 42. Qxa5 b5 43. Qxb5
Qxc3+ 44. Ke4 Qc2+ 45. Kd4 Qf2+ 46. Kc3 Qxg2 47. Qe5+ Kh7 48. a5 Qxh3+ 49.
Kb4 Qd3 50. Kc5 Qa6 51. Qc7 Kg7 52. Kb4 Qf1 53. Qd6 Qb1+ 54. Kc5 Qc2+ 55.
Kb6 Qf2+ 56. Kb7 Qg2+ 57. Kc7 Qc2+ 58. Kd8 Qg2 59. Qd4+ f6 60. Kc7 g5 61.
fxg5 Qxg5 62. a6 Qg3+ 63. Kd7 Qh3+ 64. Kd8 Qf3 65. a7 Kg6 66. Kc7 Qg3+ 67.
Kc6 Qg2+ 68. Qd5 Qc2+ 69. Kb7 Qb2+ 70. Kc8 Qc3+ 71. Kd8 1-0

[Event "58th ch-RUS Semi-Final"]
[Site "Kazan RUS"]
[Date "2005.09.09"]
[Round "7"]
[White "Bryzgalin,K"]
[Black "Riazantsev,A"]
[Result "1/2-1/2"]
[WhiteElo "2480"]
[BlackElo "2599"]
[EventDate "2005.09.03"]

1. e4 c6 2. d4 d5 3. Nd2 dxe4 4. Nxe4 Bf5 5. Ng3 Bg6 6. Bc4 e6 7. N1e2 Bd6
8. O-O Nd7 9. Bf4 Qc7 10. Bxd6 Qxd6 11. Qd2 Ne7 12. Rfd1 O-O 13. c3 Nf6 14.
Qf4 Qd7 15. Qf3 Ned5 16. Nf4 Nxf4 17. Qxf4 Rfd8 18. Be2 a5 19. Nf1 Nd5 20.
Qg3 b5 21. Ne3 b4 22. c4 Ne7 23. Bf3 Qa7 24. Qe5 Rd7 25. Rd2 Rad8 26. Rad1
Kf8 27. h4 f6 28. Qxe6 Rxd4 29. Rxd4 Rxd4 30. Rxd4 Qxd4 31. Bxc6 Qxb2 32.
Qd7 Qa1+ 33. Kh2 Qe5+ 34. Kg1 Qa1+ 35. Kh2 Qe5+ 36. Kg1 Nxc6 37. Qxc6 Qa1+
38. Kh2 Qe5+ 39. Kg1 Qa1+ 40. Kh2 Qe5+ 41. Kg1 Qa1+ 42. Kh2 1/2-1/2

[Event "58th ch-RUS Semi-Final"]
[Site "Kazan RUS"]
[Date "2005.09.09"]
[Round "7"]
[White "Tseshkovsky,V"]
[Black "Savchenko,B"]
[Result "1-0"]
[WhiteElo "2599"]
[BlackElo "2534"]
[EventDate "2005.09.03"]

1. e4 c5 2. Nf3 Nc6 3. Nc3 g6 4. d4 cxd4 5. Nxd4 Bg7 6. Be3 Nf6 7. Bc4 O-O
8. Bb3 a5 9. O-O d6 10. Ndb5 Ng4 11. Bg5 h6 12. Bd2 Kh7 13. h3 Nf6 14. Re1
Nd7 15. a4 Nc5 16. Bc4 b6 17. Be3 Ba6 18. Bf1 Qd7 19. Nd5 Qb7 20. c3 Nxe4
21. Nxb6 Rad8 22. Nd5 e6 23. Ndc7 Bxb5 24. Nxb5 f5 25. Qc2 d5 26. f3 f4 27.
Bd4 e5 28. fxe4 exd4 29. exd5 Rxd5 30. Re6 Kh8 31. Qe4 Qd7 32. Bc4 Rc5 33.
Bd3 Ne5 34. Rd6 Qc8 35. Nxd4 Qb8 36. Rxg6 Nxd3 37. Rxg7 Kxg7 38. Ne6+ Kf7
39. Nxc5 Nxc5 40. Qf5+ Kg7 41. Qxc5 f3 42. Rf1 Qxb2 43. Qd4+ Kh7 44. Rxf3
Qb1+ 45. Kf2 Qc2+ 46. Kg1 Qb1+ 47. Kh2 Qb8+ 48. Kh1 Rxf3 49. gxf3 Qg3 50.
Qe4+ Kh8 51. Qd4+ Kh7 52. Qe4+ Kh8 53. h4 Qh3+ 54. Kg1 Qg3+ 55. Kf1 Qh2 56.
Qe8+ Kg7 57. Qe7+ Kg6 58. Qe6+ Kg7 59. Qg4+ Kf8 60. Qf5+ Kg7 61. h5 Qh1+
62. Ke2 Qg2+ 63. Kd3 Qf1+ 64. Kd4 Qf2+ 65. Kd3 Qf1+ 66. Kd2 Qf2+ 67. Kd3
Qf1+ 68. Kd4 Qf2+ 69. Kc4 Qa2+ 70. Kb5 Qb3+ 71. Ka6 Qxa4 72. Qg6+ Kf8 73.
Qxh6+ Kg8 74. Qg6+ Kh8 75. Qf6+ Kh7 76. h6 Qc4+ 77. Kxa5 Qc5+ 78. Ka6 Qc8+
79. Kb6 Qb8+ 80. Ka5 1-0

[Event "58th ch-RUS Semi-Final"]
[Site "Kazan RUS"]
[Date "2005.09.09"]
[Round "7"]
[White "Galkin,A"]
[Black "Balashov,Y"]
[Result "1-0"]
[WhiteElo "2598"]
[BlackElo "2469"]
[EventDate "2005.09.03"]

1. e4 e5 2. Nf3 Nc6 3. Bb5 a6 4. Ba4 Nf6 5. O-O Be7 6. Re1 b5 7. Bb3 d6 8.
c3 O-O 9. h3 Nd7 10. d4 Nb6 11. Nbd2 Bf6 12. Nf1 Na5 13. Bc2 c5 14. b3 cxd4
15. cxd4 Nc6 16. Be3 d5 17. exd5 Nxd5 18. dxe5 Nxe5 19. Nxe5 Bxe5 20. Bxh7+
Kxh7 21. Qh5+ Kg8 22. Qxe5 Re8 23. Qg3 Nxe3 24. Nxe3 Be6 25. f4 Qf6 26. Kh2
Bf5 27. Rad1 Be4 28. Ng4 Qg6 29. Ne5 Qxg3+ 30. Kxg3 f5 31. Re2 Re6 32. Kh4
1-0

[Event "58th ch-RUS Semi-Final"]
[Site "Kazan RUS"]
[Date "2005.09.09"]
[Round "7"]
[White "Khairullin,I"]
[Black "Lastin,A"]
[Result "1/2-1/2"]
[WhiteElo "2538"]
[BlackElo "2583"]
[EventDate "2005.09.03"]

1. e4 e5 2. Nf3 Nc6 3. Bb5 a6 4. Ba4 Nf6 5. d3 d6 6. c3 g6 7. Nbd2 Bg7 8.
O-O O-O 9. Re1 Nd7 10. Nf1 Nc5 11. Bxc6 bxc6 12. d4 Nd7 13. Be3 Rb8 14. b3
Qe7 15. Ng3 Bb7 16. Qd2 f6 17. Rad1 Rbe8 18. c4 exd4 19. Nxd4 c5 20. Nc2 h5
21. h4 1/2-1/2

[Event "58th ch-RUS Semi-Final"]
[Site "Kazan RUS"]
[Date "2005.09.09"]
[Round "7"]
[White "Sorokin,M"]
[Black "Chebotarev,O"]
[Result "1-0"]
[WhiteElo "2567"]
[BlackElo "2517"]
[EventDate "2005.09.03"]

1. d4 e6 2. c4 Nf6 3. Nc3 Bb4 4. e3 O-O 5. Bd3 c5 6. Nge2 cxd4 7. exd4 d5
8. O-O dxc4 9. Bxc4 Nc6 10. Be3 b6 11. a3 Bd6 12. h3 Bb7 13. Qd3 Ne7 14.
Bg5 Ng6 15. f4 Kh8 16. f5 exf5 17. Rxf5 Bb8 18. Bd5 Qc7 19. Rxf6 h6 20. Bf4
Nxf4 21. Rxf4 Bxd5 22. Nxd5 Qd7 23. Qf5 Qb5 24. Nec3 Qxb2 25. Rff1 Bd6 26.
Qd3 1-0

[Event "58th ch-RUS Semi-Final"]
[Site "Kazan RUS"]
[Date "2005.09.09"]
[Round "7"]
[White "Tregubov,P"]
[Black "Kurnosov,I"]
[Result "0-1"]
[WhiteElo "2607"]
[BlackElo "2549"]
[EventDate "2005.09.03"]

1. d4 Nf6 2. c4 g6 3. g3 c5 4. Nf3 Bg7 5. Nc3 cxd4 6. Nxd4 O-O 7. Bg2 Qc7
8. Ndb5 Qxc4 9. b3 Qc5 10. Be3 Qb4 11. a3 Qa5 12. b4 Qd8 13. Nxa7 Ng4 14.
Bd4 Bxd4 15. Qxd4 Nc6 16. Qxg4 Rxa7 17. Qf4 e5 18. Qc4 b5 19. Qb3 Bb7 20.
Qb2 Qa8 21. O-O Nd4 22. Bxb7 Qxb7 23. Rfd1 Rc8 24. Rd2 Ra6 25. Nd1 Rac6 26.
Ne3 Rc3 27. Rad1 Qe4 28. Qa2 Kg7 29. a4 bxa4 30. Qxa4 R8c6 31. Qa8 Rc1 32.
h4 Nxe2+ 33. Kh2 Rxd1 34. Rxd1 Qf3 0-1

[Event "58th ch-RUS Semi-Final"]
[Site "Kazan RUS"]
[Date "2005.09.09"]
[Round "7"]
[White "Filippov,Va"]
[Black "Kosyrev,V"]
[Result "1/2-1/2"]
[WhiteElo "2621"]
[BlackElo "2540"]
[EventDate "2005.09.03"]

1. Nf3 d5 2. d4 e6 3. g3 Nf6 4. Bg2 b5 5. O-O Bb7 6. b3 Be7 7. c4 bxc4 8.
bxc4 dxc4 9. Qa4+ Nbd7 10. Ne5 Bxg2 11. Kxg2 c5 12. Rd1 O-O 13. Nc6 Nb6 14.
Qb5 Qd5+ 15. f3 Bd6 16. Nc3 Qh5 17. e4 cxd4 18. Qxh5 Nxh5 19. Nb5 Bc5
1/2-1/2

[Event "58th ch-RUS Semi-Final"]
[Site "Kazan RUS"]
[Date "2005.09.09"]
[Round "7"]
[White "Epishin,V"]
[Black "Yandemirov,V"]
[Result "1-0"]
[WhiteElo "2600"]
[BlackElo "2515"]
[EventDate "2005.09.03"]

1. d4 Nf6 2. c4 g6 3. Nc3 d5 4. Nf3 Bg7 5. Qb3 dxc4 6. Qxc4 O-O 7. e4 a6 8.
Qb3 b5 9. e5 Nfd7 10. e6 fxe6 11. Be3 Nb6 12. Rd1 Nc6 13. Bd3 Nd5 14. Be4
Na5 15. Qc2 Nc4 16. Bc1 Nd6 17. Nxd5 Nxe4 18. Nf4 Nf6 19. Ng5 Qd6 20. Qe2
Bh6 21. Nfxe6 Bxg5 22. Nxg5 Qb4+ 23. Rd2 Qd6 24. O-O Ng4 25. g3 Nf6 26. Re1
Nd5 27. Rc2 Bf5 28. Rc5 Rad8 29. Bd2 Qf6 30. Qe5 Qxe5 31. Rxe5 Nf6 32. Ne6
Bxe6 33. Rxe6 Rxd4 34. Bh6 Kf7 35. Rxa6 Rb8 36. Rxc7 Nd5 37. Rc1 Ra4 38.
Rxa4 bxa4 39. Rd1 Nb4 40. a3 Nc6 41. Rc1 Ne5 42. Rc5 Nd3 43. Ra5 Nxb2 44.
Ra7 Rb3 45. Bg5 Rxa3 46. Rxe7+ Kf8 47. Rxh7 Ra1+ 48. Kg2 Nd3 49. Ra7 Ne1+
50. Kh3 Nf3 51. Be3 Ke8 52. Rg7 Ne5 53. Bd4 Re1 54. Bxe5 Rxe5 55. Ra7 Re2
56. Kg2 Re4 57. f4 Re2+ 58. Kh3 Ra2 59. Rg7 Rf2 60. Rxg6 1-0

[Event "58th ch-RUS Semi-Final"]
[Site "Kazan RUS"]
[Date "2005.09.09"]
[Round "7"]
[White "Bezgodov,A"]
[Black "Dvoirys,S"]
[Result "0-1"]
[WhiteElo "2548"]
[BlackElo "2589"]
[EventDate "2005.09.03"]

1. e4 c5 2. Nf3 d6 3. d4 cxd4 4. Nxd4 Nf6 5. Nc3 a6 6. Bc4 e6 7. Bb3 Nbd7
8. Bg5 Nc5 9. f4 Be7 10. Qf3 h6 11. Bh4 Qc7 12. O-O-O Nfxe4 13. Nxe4 Bxh4
14. f5 Nxb3+ 15. axb3 d5 16. fxe6 dxe4 17. exf7+ Kf8 18. Qxe4 Qe7 19. Qf3
Qxf7 20. Qd3 Bf6 21. Rde1 h5 22. Rhf1 Rh6 23. Kb1 Kg8 24. Nf3 Qd7 25. Qc4+
Kh7 26. Qe4+ Rg6 27. Ne5 Bxe5 28. Qxe5 Qb5 29. Rf8 Rg5 30. Qe7 Rf5 31. Rd8
Qc6 32. Red1 Rf2 33. Rc1 Bf5 34. Rxa8 Bxc2+ 35. Ka1 Bxb3 36. Re1 Rf4 0-1

[Event "58th ch-RUS Semi-Final"]
[Site "Kazan RUS"]
[Date "2005.09.09"]
[Round "7"]
[White "Vorobiov,E"]
[Black "Bragin,Alex"]
[Result "1-0"]
[WhiteElo "2552"]
[BlackElo "2396"]
[EventDate "2005.09.03"]

1. e4 c5 2. Nf3 d6 3. d4 cxd4 4. Nxd4 Nf6 5. Nc3 a6 6. Be3 e6 7. g4 Nc6 8.
g5 Nd7 9. h4 Be7 10. Qd2 O-O 11. O-O-O Nxd4 12. Qxd4 b5 13. Kb1 Bb7 14. h5
Nc5 15. f4 e5 16. fxe5 Ne6 17. Qd2 dxe5 18. Qh2 Qc7 19. g6 Bg5 20. h6 gxh6
21. Bxg5 Nxg5 22. Qxh6 f6 23. Bh3 Bc6 24. Rdg1 Qg7 25. Be6+ Kh8 26. Rxg5
1-0

[Event "58th ch-RUS Semi-Final"]
[Site "Kazan RUS"]
[Date "2005.09.09"]
[Round "7"]
[White "Obolenskikh,D"]
[Black "Yevseev,D"]
[Result "1/2-1/2"]
[WhiteElo "2437"]
[BlackElo "2537"]
[EventDate "2005.09.03"]

1. e4 c6 2. d4 d5 3. Nc3 dxe4 4. Nxe4 Bf5 5. Ng3 Bg6 6. h4 h6 7. Nf3 Nd7 8.
h5 Bh7 9. Bd3 Bxd3 10. Qxd3 e6 11. Bf4 Qa5+ 12. Bd2 Qc7 13. O-O-O O-O-O 14.
Ne4 Ngf6 15. g3 Nxe4 16. Qxe4 Bd6 17. c4 c5 18. d5 Nf6 19. Qc2 exd5 20.
cxd5 Rhe8 21. Bc3 Qd7 22. Rh4 Kb8 23. Kb1 Ng4 24. Rhh1 f5 25. Rd2 f4 26.
Qg6 fxg3 27. fxg3 Re3 28. Nh4 Ne5 29. Qe6 Nc4 30. Qxd7 Rxd7 31. Rc2 Rxg3
32. Nf5 Rg5 33. Nxg7 Rxd5 34. Ne8 Bf4 35. Rf2 Be5 36. Nf6 Rd1+ 37. Rxd1
Rxd1+ 38. Kc2 Ne3+ 39. Kb3 Bxc3 40. Kxc3 Rd4 41. Rf3 Nd5+ 42. Kb3 Ne7 43.
Re3 Nc6 44. Re8+ Kc7 45. Rh8 b5 46. a3 c4+ 47. Kc2 Rd3 48. Rxh6 Nd4+ 49.
Kc1 Nb3+ 50. Kc2 Nd4+ 51. Kc1 Nb3+ 52. Kc2 a5 53. Ne8+ Kd7 54. Rd6+ Kxe8
55. Rxd3 cxd3+ 56. Kxd3 Kf7 57. Ke4 Nd2+ 58. Kd4 Nc4 59. Kc5 Nxb2 60. Kxb5
Kg7 1/2-1/2

[Event "58th ch-RUS Semi-Final"]
[Site "Kazan RUS"]
[Date "2005.09.09"]
[Round "7"]
[White "Yemelin,V"]
[Black "Nevostrujev,V"]
[Result "1-0"]
[WhiteElo "2530"]
[BlackElo "2490"]
[EventDate "2005.09.03"]

1. e4 c5 2. Nf3 d6 3. d4 cxd4 4. Nxd4 Nf6 5. Nc3 a6 6. Be2 e5 7. Nb3 Be7 8.
Be3 O-O 9. g4 Nc6 10. g5 Nxe4 11. Nxe4 d5 12. Ng3 d4 13. Bd2 a5 14. h4 a4
15. Nc1 Be6 16. Bd3 Bb4 17. a3 Bxd2+ 18. Qxd2 f5 19. gxf6 Qxf6 20. Be4 Bg4
21. Nd3 Bf3 22. Bxf3 Qxf3 23. Qe2 Qd5 24. Rg1 Kh8 25. Ne4 Rac8 26. Rg3 h6
27. Rg6 Qa5+ 28. Qd2 Qd5 29. Qe2 Qa5+ 30. Kf1 Ne7 31. Rg4 Nf5 32. Kg1 Qc7
33. Ng3 Nxg3 34. Rxg3 Rce8 35. Qe4 Re7 36. Re1 Qxc2 37. f4 Rc7 38. Nxe5
Qxe4 39. Rxe4 Rd8 40. Rd3 Kh7 41. Rexd4 Rc1+ 42. Kf2 Rdc8 43. Rd2 b5 44.
Rd8 Rxd8 45. Rxd8 b4 46. axb4 Rc2+ 47. Kg3 Rxb2 48. h5 Rb3+ 49. Kg4 1-0

[Event "58th ch-RUS Semi-Final"]
[Site "Kazan RUS"]
[Date "2005.09.09"]
[Round "7"]
[White "Loginov,Va"]
[Black "Kabanov,N"]
[Result "1/2-1/2"]
[WhiteElo "2527"]
[BlackElo "2508"]
[EventDate "2005.09.03"]

1. Nf3 Nf6 2. g3 g6 3. c4 Bg7 4. Bg2 O-O 5. d4 d6 6. O-O Nc6 7. Nc3 a6 8.
Bg5 h6 9. Bd2 e5 10. d5 Nd4 11. Ne1 Bd7 12. Nd3 Qe7 13. e3 Nf5 14. e4 Nd4
15. Ne2 b5 16. Nxd4 exd4 17. e5 Nh7 18. exd6 cxd6 19. Re1 Qd8 20. cxb5 axb5
21. Nb4 Re8 22. Nc6 Qf6 23. Qb3 Rxe1+ 24. Rxe1 Ng5 25. Bxg5 hxg5 26. Qxb5
Rxa2 27. Qb3 Ra8 28. Qb7 Re8 29. Rxe8+ Bxe8 30. Qb8 Kf8 31. Bh3 Qf3 32. Bd7
Qe2 33. Qxe8+ Qxe8 34. Bxe8 Kxe8 35. Nb4 Ke7 36. g4 Kd7 37. Kf1 Kc7 38. Ke2
Kb6 39. Nd3 Kb5 40. b3 Be5 41. h3 f5 42. Kd1 Bh2 43. Kd2 Be5 44. gxf5 gxf5
45. f4 Bxf4+ 46. Nxf4 gxf4 47. h4 f3 48. h5 Kb4 49. h6 f2 50. Ke2 Kxb3 51.
h7 d3+ 52. Kxf2 d2 53. h8=Q d1=Q 54. Qb8+ Kc4 55. Qxd6 Qd4+ 56. Kf3 Qg4+
57. Kf2 Qh4+ 58. Kf1 f4 59. Qc6+ Kd4 60. d6 Qh3+ 61. Qg2 Qd7 62. Qd2+
1/2-1/2